[Event "18. Carlos Torre Magistral"]
[Site "Merida MEX"]
[Date "2005.12.18"]
[Round "6.7"]
[White "Escobedo Tinajero, Alberto"]
[Black "Capo Vidal, Uriel"]
[Result "1-0"]
[WhiteElo "2403"]
[BlackElo "2189"]
[PlyCount "76"]
[EventDate "2005.12.15"]
[EventCountry "MEX"]
[Source "lmi"]
[SourceDate "2005.12.23"]

1. d4 d5 2. c4 Bf5 3. Nc3 e6 4. Nf3 c6 5. Qb3 Qb6 6. c5 Qxb3 7. axb3 Be7 8. b4
Nf6 9. b5 O-O 10. Bf4 cxb5 11. Bxb8 b4 12. Bxa7 bxc3 13. bxc3 Nd7 14. Kd2 Nb8
15. g4 Bxg4 16. Bg2 Nc6 17. Bb6 Rfc8 18. Rhc1 Kf8 19. Ne1 Ke8 20. Nd3 Bd8 21.
Bxd8 Kxd8 22. e4 Na5 23. Ke3 dxe4 24. Bxe4 Bf5 25. Bxf5 exf5 26. Kf4 g6 27. Ne5
f6 28. Nf7+ Kc7 29. Nd6 Nb3 30. Rxa8 Rxa8 31. Rb1 Na5 32. d5 Ra6 33. h4 Ra8 34.
Rb6 Rf8 35. h5 Rg8 36. hxg6 hxg6 37. Nb5+ Kd7 38. Rxf6 Nb3 1-0

[Event "18. Carlos Torre Magistral"]
[Site "Merida MEX"]
[Date "2005.12.18"]
[Round "6.8"]
[White "Mata Gonzalez, Jose Fernando"]
[Black "Vera, Reynaldo"]
[Result "0-1"]
[WhiteElo "2213"]
[BlackElo "2481"]
[PlyCount "74"]
[EventDate "2005.12.15"]
[EventCountry "MEX"]
[Source "lmi"]
[SourceDate "2005.12.23"]

1. e4 c5 2. d4 cxd4 3. c3 Nf6 4. e5 Nd5 5. cxd4 d6 6. Nf3 Nc6 7. exd6 Qxd6 8.
Nc3 e6 9. Bd3 Be7 10. O-O O-O 11. Ne4 Qd8 12. a3 b6 13. b4 Bb7 14. Bb2 Rc8 15.
Rc1 Rc7 16. Re1 Nb8 17. Bb1 Nd7 18. Qd3 Nf4 19. Qe3 Nd5 20. Qd3 Nf4 21. Qd2 Ng6
22. Qe3 Nf6 23. Neg5 Nd5 24. Qd2 Ndf4 25. Ne4 f5 26. Rxc7 Qxc7 27. Neg5 Bxg5
28. Nxg5 Qd8 29. h4 Nxg2 30. Rxe6 N2xh4 31. Ba2 Bd5 32. Bxd5 Qxd5 33. Kf1 h6
34. Rxg6 Nxg6 35. Nh3 Re8 36. Qc3 Nf4 37. Qg3 Qc4+ 0-1

[Event "18. Carlos Torre Magistral"]
[Site "Merida MEX"]
[Date "2005.12.18"]
[Round "6.9"]
[White "Estrada Nieto, Julian"]
[Black "Sanchez Enriquez, Oscar"]
[Result "1/2-1/2"]
[WhiteElo "2351"]
[BlackElo "2173"]
[PlyCount "88"]
[EventDate "2005.12.15"]
[EventCountry "MEX"]
[Source "lmi"]
[SourceDate "2005.12.23"]

1. e4 e5 2. Nf3 Nc6 3. Bb5 Bb4 4. O-O Nge7 5. c3 Ba5 6. b4 Bb6 7. Bxc6 bxc6 8.
Nxe5 d5 9. exd5 O-O 10. d4 cxd5 11. Bf4 f6 12. Nd3 Ng6 13. Bg3 f5 14. f4 Ba6
15. Re1 Bxd3 16. Qxd3 c6 17. Nd2 Bc7 18. Qf3 Qd6 19. Nb3 Rae8 20. Nc5 Nxf4 21.
Nd3 g5 22. Bxf4 gxf4 23. Ne5 Qh6 24. Re2 Re6 25. Rae1 Rfe8 26. a4 Bxe5 27. Rxe5
Rxe5 28. dxe5 Qh4 29. Qf2 Qxf2+ 30. Kxf2 Kf7 31. Kf3 Ke6 32. c4 dxc4 33. Rc1
Kd5 34. Rd1+ Ke6 35. Kxf4 Rb8 36. Rd6+ Ke7 37. Rxc6 Rxb4 38. Kxf5 Rxa4 39. g4
a5 40. e6 Ra2 41. Rxc4 Rf2+ 42. Ke5 Re2+ 43. Kf5 Rf2+ 44. Ke5 Re2+ 1/2-1/2

[Event "18. Carlos Torre Magistral"]
[Site "Merida MEX"]
[Date "2005.12.18"]
[Round "6.10"]
[White "Garcia, Silvino"]
[Black "Navarrete Mendez, Gonzalo"]
[Result "1-0"]
[WhiteElo "2337"]
[BlackElo "2094"]
[PlyCount "65"]
[EventDate "2005.12.15"]
[EventCountry "MEX"]
[Source "lmi"]
[SourceDate "2005.12.23"]

1. e4 e5 2. Nf3 Nf6 3. Nxe5 d6 4. Nf3 Nxe4 5. d4 d5 6. Bd3 Bd6 7. O-O O-O 8. c4
c6 9. Nc3 Nxc3 10. bxc3 dxc4 11. Bxc4 Bg4 12. h3 Bh5 13. a4 Nd7 14. Re1 Nb6 15.
Bf1 Nd5 16. Bd2 Bc7 17. g3 Qf6 18. Bg2 Rfe8 19. Rb1 Rxe1+ 20. Bxe1 b6 21. Rb3
Qe6 22. c4 Nf6 23. Qc1 Re8 24. Re3 Qd7 25. Bc3 Rxe3 26. Qxe3 Bxf3 27. Qxf3 c5
28. dxc5 Qxa4 29. Qa8+ Qe8 30. Qxa7 h5 31. Qxc7 bxc5 32. Qxc5 Nd7 33. Qxh5 1-0

[Event "18. Carlos Torre Magistral"]
[Site "Merida MEX"]
[Date "2005.12.18"]
[Round "6.11"]
[White "Villalba Velazquez, Ander"]
[Black "Huerta, Dayron"]
[Result "0-1"]
[WhiteElo "2206"]
[BlackElo "2263"]
[PlyCount "62"]
[EventDate "2005.12.15"]
[EventCountry "MEX"]
[Source "lmi"]
[SourceDate "2005.12.23"]

1. d4 Nf6 2. Nf3 e6 3. c4 b6 4. a3 Ba6 5. Qc2 d5 6. Nbd2 Bb7 7. e3 Nbd7 8. cxd5
exd5 9. Bd3 Bd6 10. O-O Qe7 11. b4 O-O 12. Bb2 a6 13. Rfe1 Ne4 14. Nf1 a5 15.
b5 f5 16. Rec1 Rac8 17. Qe2 Rf6 18. Ne1 Rh6 19. f4 g5 20. Bxe4 fxe4 21. Qg4 Rg6
22. fxg5 Rxg5 23. Qh3 Rf8 24. g3 h5 25. Rc2 Bc8 26. Rf2 Nf6 27. Qg2 h4 28. Rf4
Bxf4 29. exf4 Rg6 30. Ne3 hxg3 31. hxg3 Nh5 0-1

[Event "18. Carlos Torre Magistral"]
[Site "Merida MEX"]
[Date "2005.12.18"]
[Round "6.12"]
[White "Janix Alanis, Isaak"]
[Black "Watanabe, Akira"]
[Result "0-1"]
[WhiteElo "2191"]
[BlackElo "2365"]
[PlyCount "80"]
[EventDate "2005.12.15"]
[EventCountry "MEX"]
[Source "lmi"]
[SourceDate "2005.12.23"]

1. e4 c5 2. Nf3 d6 3. Bc4 Nf6 4. Nc3 e6 5. d4 cxd4 6. Nxd4 a6 7. Bg5 Be7 8. Qd2
b5 9. Bxf6 Bxf6 10. Bb3 O-O 11. O-O Bb7 12. Rfe1 Nd7 13. Rad1 Nc5 14. f3 Qb6
15. Kh1 Rfd8 16. Qe3 Nxb3 17. Nxb3 Qc7 18. Rd3 b4 19. Ne2 Bxb2 20. Nbd4 a5 21.
Rb1 Bxd4 22. Nxd4 Ba6 23. Rdd1 Qc5 24. Rbc1 Rac8 25. Qe1 a4 26. h3 g6 27. Qg3
Bc4 28. f4 Bxa2 29. f5 Qe5 30. Qh4 Rd7 31. f6 Rc5 32. Rf1 h5 33. Nf3 Qb2 34. g4
Bc4 35. Rg1 Be2 36. Nd2 Qc3 37. Nf1 Qf3+ 38. Kh2 Qf4+ 39. Ng3 Bf3 40. Rgf1 Qd2+
0-1

[Event "18. Carlos Torre Magistral"]
[Site "Merida MEX"]
[Date "2005.12.18"]
[Round "6.13"]
[White "Ibarra Chami, Luis"]
[Black "Corrales, Fidel"]
[Result "1/2-1/2"]
[WhiteElo "2172"]
[BlackElo "2470"]
[PlyCount "139"]
[EventDate "2005.12.15"]
[EventCountry "MEX"]
[Source "lmi"]
[SourceDate "2005.12.23"]

1. e4 c5 2. d3 Nc6 3. Nc3 g6 4. g3 Bg7 5. Bg2 e6 6. f4 Nge7 7. Nf3 O-O 8. O-O
d6 9. Ne2 b5 10. g4 Bd7 11. c3 f5 12. h3 b4 13. Qc2 bxc3 14. bxc3 Rb8 15. Be3
Qa5 16. Rab1 Qa6 17. Ng3 c4 18. d4 fxe4 19. Nxe4 Rxb1 20. Rxb1 Nd5 21. Qd2 Nce7
22. Rf1 Nxe3 23. Qxe3 Nd5 24. Qd2 Rxf4 25. Nfg5 Rxf1+ 26. Bxf1 h6 27. Nf3 Qc6
28. Qb2 Nb6 29. Ned2 e5 30. dxe5 dxe5 31. Qb4 Be6 32. Qe7 Nc8 33. Qxe6+ Qxe6
34. Bxc4 Kf7 35. Bxe6+ Kxe6 36. Kf2 Ne7 37. c4 Nc6 38. Ke3 Bf8 39. Ke4 Ba3 40.
Nb3 a5 41. g5 h5 42. Nh4 a4 43. Nd2 Ne7 44. Ndf3 Bb2 45. Kd3 Bc1 46. Kc2 Bf4
47. Kd3 a3 48. Ng2 Bc1 49. Ngh4 Nc6 50. Kc2 Be3 51. Nxg6 e4 52. Ne1 Bxg5 53.
Ng2 Kf5 54. Nf8 Ne5 55. c5 e3 56. Nh7 Bh6 57. h4 Ke4 58. Nf6+ Kf3 59. Nxe3 Kxe3
60. Kb3 Bf8 61. Kxa3 Bxc5+ 62. Ka4 Kd4 63. Nxh5 Kc4 64. Ka5 Nc6+ 65. Ka6 Nb4+
66. Kb7 Nxa2 67. Ng7 Bd4 68. Nf5 Bf6 69. Kc6 Nb4+ 70. Kd6 1/2-1/2

[Event "18. Carlos Torre Magistral"]
[Site "Merida MEX"]
[Date "2005.12.18"]
[Round "6.14"]
[White "Garmendez Gonzalez, Florentino"]
[Black "Zepeda, Lorena"]
[Result "1-0"]
[WhiteElo "2369"]
[BlackElo "2148"]
[PlyCount "103"]
[EventDate "2005.12.15"]
[EventCountry "MEX"]
[Source "lmi"]
[SourceDate "2005.12.23"]

1. e4 d5 2. exd5 Qxd5 3. Nc3 Qa5 4. d4 c6 5. g3 Nf6 6. Bg2 Bf5 7. Nf3 Nbd7 8.
O-O e6 9. Re1 Be7 10. h3 O-O 11. Bd2 Qc7 12. Nh4 Bg6 13. Nxg6 hxg6 14. Bf4 Bd6
15. Bxd6 Qxd6 16. Qd3 Rfd8 17. Rad1 Rac8 18. Ne4 Nxe4 19. Qxe4 Qb4 20. b3 Nf6
21. Qe3 Qa3 22. c4 a5 23. Qc3 b5 24. Qc2 Qd6 25. Qc3 b4 26. Qc2 Rd7 27. Bf3
Rcd8 28. Kg2 Qc7 29. Qb2 Qb6 30. Re5 Qa6 31. Rc5 Rd6 32. a3 Ra8 33. Ra1 Qb7 34.
axb4 axb4 35. Rb5 Qc8 36. Rxa8 Qxa8 37. Rxb4 Rd8 38. Ra4 Qb7 39. Qc3 Nd7 40.
Qb4 Qc7 41. Qe7 Rc8 42. Ra6 Qb7 43. Qa3 Rc7 44. Qa5 Kh7 45. b4 Qc8 46. Qa4 Nb8
47. Ra7 g5 48. Qa5 Rxa7 49. Qxa7 Kg6 50. Qe7 Na6 51. h4 gxh4 52. Qxh4 1-0

[Event "18. Carlos Torre Magistral"]
[Site "Merida MEX"]
[Date "2005.12.18"]
[Round "6.15"]
[White "Blanco Fernandez, Alvaro"]
[Black "German Montoya, Gabriel"]
[Result "1-0"]
[WhiteElo "2354"]
[BlackElo "2105"]
[PlyCount "57"]
[EventDate "2005.12.15"]
[EventCountry "MEX"]
[Source "lmi"]
[SourceDate "2005.12.23"]

1. d4 Nf6 2. c4 e6 3. Nf3 c5 4. d5 exd5 5. cxd5 d6 6. Nc3 g6 7. h3 Bg7 8. e4
O-O 9. Bd3 Na6 10. O-O Re8 11. Re1 Nc7 12. Bf4 Rb8 13. a4 a6 14. Rc1 b5 15.
axb5 axb5 16. b4 cxb4 17. Na2 Na6 18. Nd4 Rb6 19. Nc6 Qd7 20. Naxb4 Nc5 21. e5
Nxd5 22. Nxd5 Qxc6 23. Be4 Nxe4 24. Rxc6 Rxc6 25. exd6 Kf8 26. Nc7 Bc3 27. Bh6+
Kg8 28. Nxe8 Bxe1 29. Qxe1 1-0

[Event "18. Carlos Torre Wimbledon"]
[Site "Merida MEX"]
[Date "2005.12.19"]
[Round "1.1"]
[White "Rohl Montes, Juan Armando"]
[Black "Bruzon Bautista, Lazaro"]
[Result "0-1"]
[WhiteElo "2405"]
[BlackElo "2677"]
[PlyCount "109"]
[EventDate "2005.12.19"]
[EventType "k.o."]
[EventRounds "4"]
[EventCountry "MEX"]
[Source "lmi"]
[SourceDate "2005.12.23"]

1. e4 e5 2. Nf3 Nc6 3. Bb5 a6 4. Bxc6 dxc6 5. O-O f6 6. d4 exd4 7. Nxd4 c5 8.
Ne2 Qxd1 9. Rxd1 Bd7 10. Nbc3 O-O-O 11. Bf4 Ne7 12. Rd2 Ng6 13. Bg3 Ne5 14.
Bxe5 fxe5 15. Rad1 c4 16. Ng3 b5 17. Nd5 Bc5 18. b4 cxb3 19. cxb3 c6 20. Rc2
Ba7 21. Nb4 Kb7 22. Rdc1 Rhf8 23. Nd3 Bd4 24. Nc5+ Ka7 25. Nxd7 Rxd7 26. Nf5
Bb6 27. g3 g6 28. Ne3 Rdf7 29. Kg2 Bd4 30. b4 h5 31. Nd1 Kb7 32. Rxc6 Bxf2 33.
Nxf2 Rxf2+ 34. Kg1 Rxa2 35. Rxg6 Rf7 36. Rg5 Rb2 37. Rxh5 Rxb4 38. Rxe5 a5 39.
Re6 Rc7 40. Rxc7+ Kxc7 41. Ra6 Ra4 42. e5 Kb7 43. Rd6 Re4 44. e6 a4 45. Kf2 a3
46. Rd3 b4 47. e7 a2 48. Rd4 Rxe7 49. Rxb4+ Ka8 50. Ra4+ Ra7 51. Rxa2 Rxa2+ 52.
Kf3 Rxh2 53. g4 Kb7 54. Kf4 Kc7 55. Ke4 0-1

[Event "18. Carlos Torre Wimbledon"]
[Site "Merida MEX"]
[Date "2005.12.19"]
[Round "1.1"]
[White "Escobedo Tinajero, Alberto"]
[Black "Vera, Reynaldo"]
[Result "1/2-1/2"]
[WhiteElo "2403"]
[BlackElo "2481"]
[PlyCount "71"]
[EventDate "2005.12.19"]
[EventType "k.o."]
[EventRounds "4"]
[EventCountry "MEX"]
[Source "lmi"]
[SourceDate "2005.12.23"]

1. d4 d5 2. c4 e6 3. Nf3 Nf6 4. Nc3 c6 5. e3 a6 6. Bd2 dxc4 7. a4 c5 8. Bxc4
Nc6 9. Qe2 cxd4 10. exd4 Be7 11. Rd1 O-O 12. Bg5 Nd5 13. Bxe7 Ncxe7 14. Ne5 Bd7
15. O-O Nxc3 16. bxc3 Bxa4 17. Rd3 Bb5 18. Bxb5 axb5 19. Rh3 Qd5 20. Qh5 h6 21.
Rg3 Ra6 22. Rd1 Nf5 23. Rgd3 Nd6 24. Rg3 Ne4 25. Re3 Ra2 26. Qf3 Nf6 27. Qf4
Rfa8 28. h4 Ra1 29. Rxa1 Rxa1+ 30. Kh2 Qa2 31. Qf3 Qd5 32. Qf4 Qd8 33. Rg3 Kf8
34. Rf3 Re1 35. g4 Re4 36. Qg3 1/2-1/2

[Event "18. Carlos Torre Wimbledon"]
[Site "Merida MEX"]
[Date "2005.12.19"]
[Round "1.1"]
[White "Mitkov, Nikola"]
[Black "Huerta, Dayron"]
[Result "1/2-1/2"]
[WhiteElo "2520"]
[BlackElo "2263"]
[PlyCount "89"]
[EventDate "2005.12.19"]
[EventType "k.o."]
[EventRounds "4"]
[EventCountry "MEX"]
[Source "lmi"]
[SourceDate "2005.12.23"]

1. e4 e5 2. Bc4 d6 3. Nc3 Be6 4. d3 Bxc4 5. dxc4 Nf6 6. Nge2 Be7 7. O-O O-O 8.
Ng3 g6 9. Bh6 Re8 10. h3 Bf8 11. Qd2 Nbd7 12. Bxf8 Rxf8 13. f4 exf4 14. Rxf4
Qe7 15. Raf1 c6 16. b3 Ne8 17. Rg4 Ng7 18. Qh6 f6 19. Qd2 a6 20. a4 Rf7 21.
Rgf4 Raf8 22. Rd1 Ne8 23. Nce2 Nc5 24. Nd4 Ne6 25. Nxe6 Qxe6 26. Ne2 Qe5 27.
Nd4 Nc7 28. Kh1 Rd7 29. Nf3 Qe7 30. Nd4 Ne6 31. Nxe6 Qxe6 32. Qd4 Qe5 33. Rf2
Qxd4 34. Rxd4 Kf7 35. e5 Ke6 36. exf6 Rxf6 37. Re4+ Kf7 38. Rfe2 Rf5 39. Kh2 d5
40. Rd4 Kf6 41. Red2 Ke6 42. Kg3 Re5 43. h4 Rf7 44. cxd5+ Rxd5 45. Re2+ 1/2-1/2

[Event "18. Carlos Torre Wimbledon"]
[Site "Merida MEX"]
[Date "2005.12.19"]
[Round "1.1"]
[White "Hernandez, Holden"]
[Black "Gonzalez Zamora, Juan Carlos"]
[Result "0-1"]
[WhiteElo "2483"]
[BlackElo "2515"]
[PlyCount "134"]
[EventDate "2005.12.19"]
[EventType "k.o."]
[EventRounds "4"]
[EventCountry "MEX"]
[Source "lmi"]
[SourceDate "2005.12.23"]

1. e4 c5 2. Nf3 Nc6 3. Bb5 g6 4. O-O Bg7 5. Bxc6 dxc6 6. d3 e5 7. Be3 Qe7 8.
Nbd2 Nh6 9. h3 f6 10. a3 Nf7 11. b4 cxb4 12. axb4 Qxb4 13. Bxa7 O-O 14. Nb3 Qc3
15. Qd2 Qxd2 16. Nfxd2 Re8 17. Bc5 Be6 18. Na5 Bh6 19. Ndc4 Bxc4 20. Nxc4 Bf8
21. Bxf8 Kxf8 22. Nb6 Rxa1 23. Rxa1 Ke7 24. Kf1 Nd6 25. Ke2 Rb8 26. Ke3 Kd8 27.
f4 exf4+ 28. Kxf4 Kc7 29. Na8+ Kd7 30. Nb6+ Kc7 31. Rb1 h5 32. c4 Re8 33. c5
Nb5 34. Rb4 g5+ 35. Kf3 Rd8 36. Ke3 Re8 37. g4 hxg4 38. hxg4 Rh8 39. Ra4 Rh3+
40. Kd2 Rh2+ 41. Ke1 Kd8 42. Ra8+ Ke7 43. Rb8 Ke6 44. Rxb7 Ke5 45. Rd7 Kf4 46.
Nc4 Kxg4 47. Rf7 Rh6 48. Nd6 Nd4 49. Ne8 f5 50. exf5 Nxf5 51. Kd2 Nh4 52. Nf6+
Kh3 53. Ne4 g4 54. d4 g3 55. Rg7 Rg6 56. Rxg6 Nxg6 57. Ke3 g2 58. Ng5+ Kg3 59.
Nf3 Nh4 60. Ng1 Nf5+ 61. Ke4 Ne7 62. Ke3 Kh2 63. Nf3+ Kh1 64. Kf4 Nd5+ 65. Ke4
Nb4 66. Kf5 Nc2 67. d5 Ne3+ 0-1

[Event "18. Carlos Torre Wimbledon"]
[Site "Merida MEX"]
[Date "2005.12.19"]
[Round "1.1"]
[White "Nogueiras, Jesus"]
[Black "Quezada, Yuniesky"]
[Result "1/2-1/2"]
[WhiteElo "2547"]
[BlackElo "2505"]
[PlyCount "21"]
[EventDate "2005.12.19"]
[EventType "k.o."]
[EventRounds "4"]
[EventCountry "MEX"]
[Source "lmi"]
[SourceDate "2005.12.23"]

1. d4 Nf6 2. c4 e6 3. Nf3 b6 4. g3 Ba6 5. b3 Bb4+ 6. Bd2 Be7 7. Bg2 c6 8. Bc3
d5 9. Nbd2 Nbd7 10. O-O O-O 11. Re1 1/2-1/2

[Event "18. Carlos Torre Wimbledon"]
[Site "Merida MEX"]
[Date "2005.12.19"]
[Round "1.2"]
[White "Bruzon Bautista, Lazaro"]
[Black "Rohl Montes, Juan Armando"]
[Result "1/2-1/2"]
[WhiteElo "2677"]
[BlackElo "2405"]
[PlyCount "42"]
[EventDate "2005.12.19"]
[EventType "k.o."]
[EventRounds "4"]
[EventCountry "MEX"]
[Source "lmi"]
[SourceDate "2005.12.23"]

1. c4 g6 2. Nc3 Bg7 3. g3 Nf6 4. Bg2 O-O 5. d4 d6 6. e3 e5 7. Nge2 Nbd7 8. a4
a5 9. b3 Re8 10. O-O e4 11. Nf4 c6 12. f3 g5 13. Nfe2 exf3 14. Bxf3 Nf8 15. Qd3
Bh3 16. Bg2 Bg4 17. Bd2 Bh5 18. Bh3 Qe7 19. Bf5 Bg6 20. Rae1 h6 21. Bc1 Ra6
1/2-1/2

[Event "18. Carlos Torre Wimbledon"]
[Site "Merida MEX"]
[Date "2005.12.19"]
[Round "1.2"]
[White "Fierro Baquero, Martha"]
[Black "Krasenkow, Michal"]
[Result "1/2-1/2"]
[WhiteElo "2269"]
[BlackElo "2655"]
[PlyCount "62"]
[EventDate "2005.12.19"]
[EventType "k.o."]
[EventRounds "4"]
[EventCountry "MEX"]
[Source "lmi"]
[SourceDate "2005.12.23"]

1. e4 c5 2. Nf3 e6 3. d4 cxd4 4. Nxd4 Nf6 5. Bd3 Nc6 6. Nxc6 dxc6 7. O-O e5 8.
Nd2 Bc5 9. Nc4 Qe7 10. Be3 O-O 11. a4 Be6 12. Qf3 Nd7 13. Rfd1 a5 14. Rd2 b5
15. axb5 cxb5 16. Bxc5 Qxc5 17. Ne3 a4 18. Bf1 b4 19. Nd5 a3 20. bxa3 bxa3 21.
c4 Ra7 22. h3 h6 23. Rda2 Rfa8 24. Rb1 Rb8 25. Rb3 Rxb3 26. Qxb3 Kh7 27. Nc3
Rc7 28. Qxa3 Bxc4 29. Qxc5 Rxc5 30. Bxc4 Rxc4 31. Nd5 Rxe4 1/2-1/2

[Event "18. Carlos Torre Wimbledon"]
[Site "Merida MEX"]
[Date "2005.12.19"]
[Round "1.2"]
[White "Macieja, Bartlomiej"]
[Black "De la Paz, Frank"]
[Result "1/2-1/2"]
[WhiteElo "2592"]
[BlackElo "2456"]
[PlyCount "191"]
[EventDate "2005.12.19"]
[EventType "k.o."]
[EventRounds "4"]
[EventCountry "MEX"]
[Source "lmi"]
[SourceDate "2005.12.23"]

1. e4 e5 2. Nf3 Nc6 3. Bc4 Bc5 4. c3 Nf6 5. d4 exd4 6. e5 d5 7. Bb5 Ne4 8. cxd4
Bb6 9. Nc3 O-O 10. Be3 Bg4 11. Bxc6 bxc6 12. Qa4 f6 13. Qxc6 Nxc3 14. bxc3 Bxf3
15. gxf3 fxe5 16. dxe5 Bxe3 17. fxe3 Rxf3 18. Ke2 Rf5 19. Qe6+ Rf7 20. Rhf1 Qd7
21. Qxd7 Rxd7 22. Kd3 Re8 23. Rab1 c6 24. Kd4 g6 25. Rf6 c5+ 26. Kxc5 Rxe5 27.
Kd4 Re4+ 28. Kd3 Ra4 29. Rf2 Kg7 30. Rb4 Ra5 31. a4 Rc5 32. Rb5 Rc4 33. Rf4 Rc6
34. Rfb4 Kf6 35. Rb7 Rcc7 36. Rxc7 Rxc7 37. e4 Ke6 38. exd5+ Kxd5 39. Rd4+ Kc5
40. Rc4+ Kd6 41. Rf4 Kc5 42. Rf6 Rd7+ 43. Kc2 Re7 44. h3 Re3 45. Rf7 Rxh3 46.
Rxa7 h5 47. Kb3 Rh1 48. Ra5+ Kb6 49. Rg5 h4 50. Rxg6+ Kc5 51. Rg5+ Kb6 52. Rh5
h3 53. Kb4 h2 54. Rh6+ Kb7 55. Rh7+ Kb8 56. Kc4 Ra1 57. Rxh2 Rxa4+ 58. Kb5 Rg4
59. Rh6 Kc7 60. c4 Rg1 61. Rh7+ Kc8 62. Rh6 Kc7 63. Rc6+ Kb7 64. Rf6 Kc7 65.
Rh6 Rg2 66. Rh7+ Kc8 67. Rh5 Kc7 68. Kc5 Rg1 69. Rh7+ Kc8 70. Rh6 Kc7 71. Rc6+
Kb7 72. Re6 Kc7 73. Re7+ Kd8 74. Ra7 Rg6 75. Rb7 Kc8 76. Rb6 Rg5+ 77. Kc6 Rh5
78. c5 Rh1 79. Rb2 Rh6+ 80. Kb5 Kc7 81. Ra2 Kb7 82. Rg2 Kc7 83. Rg7+ Kc8 84.
Ra7 Kb8 85. Re7 Kc8 86. Kc4 Rh4+ 87. Kd5 Rh5+ 88. Kd6 Rh6+ 89. Re6 Rxe6+ 90.
Kxe6 Kc7 91. Kd5 Kd7 92. c6+ Kc7 93. Kc5 Kc8 94. Kd6 Kd8 95. c7+ Kc8 96. Kc6
1/2-1/2

[Event "18. Carlos Torre Wimbledon"]
[Site "Merida MEX"]
[Date "2005.12.19"]
[Round "1.2"]
[White "Vera, Reynaldo"]
[Black "Escobedo Tinajero, Alberto"]
[Result "1-0"]
[WhiteElo "2481"]
[BlackElo "2403"]
[PlyCount "144"]
[EventDate "2005.12.19"]
[EventType "k.o."]
[EventRounds "4"]
[EventCountry "MEX"]
[Source "lmi"]
[SourceDate "2005.12.23"]

1. Nf3 d5 2. d4 Nf6 3. c4 e6 4. Nc3 c6 5. e3 Nbd7 6. Bd3 dxc4 7. Bxc4 b5 8. Bd3
Bb7 9. e4 b4 10. Na4 c5 11. e5 Nd5 12. Nxc5 Bxc5 13. dxc5 Nxc5 14. Bb5+ Kf8 15.
O-O h6 16. Qd4 Rc8 17. Bd2 Qb6 18. Bc4 Ne7 19. Be2 a5 20. Rac1 Nf5 21. Qg4 Rd8
22. Rfd1 Ne4 23. Be1 Rxd1 24. Rxd1 g5 25. Nd2 h5 26. Qh3 Nc5 27. Nc4 Qc7 28.
Nd6 Be4 29. Nxf5 exf5 30. Rc1 Qxe5 31. Qe3 Ne6 32. f3 Qd4 33. Bf2 Qxe3 34. Bxe3
Bd5 35. Bb6 Ke7 36. Bxa5 Rb8 37. a3 Nd4 38. Bf1 bxa3 39. bxa3 Rb2 40. Rd1 Nxf3+
41. gxf3 Bxf3 42. Re1+ Kd6 43. Bd8 g4 44. Be7+ Kd5 45. Bf6 Ra2 46. Re5+ Kd6 47.
Rxf5 Rxa3 48. Bh4 Ke6 49. Rf6+ Ke5 50. Rxf7 Ra1 51. Rf8 Ke4 52. Kf2 Ra2+ 53.
Kg3 Ra1 54. Re8+ Kd5 55. Kf2 Ra2+ 56. Be2 Rb2 57. Bf6 Ra2 58. Kf1 Kc5 59. Re5+
Kd6 60. Bxf3 gxf3 61. Rxh5 Ke6 62. Bd4 Rd2 63. Be3 Re2 64. Bf2 Ra2 65. Rh3 Ra1+
66. Be1 Ra2 67. Rh5 Kf6 68. Bg3 Kg6 69. Rb5 Rc2 70. Rb3 Kf5 71. Rxf3+ Ke4 72.
Rf2 Kd5 1-0

[Event "18. Carlos Torre Wimbledon"]
[Site "Merida MEX"]
[Date "2005.12.19"]
[Round "1.2"]
[White "Huerta, Dayron"]
[Black "Mitkov, Nikola"]
[Result "0-1"]
[WhiteElo "2263"]
[BlackElo "2520"]
[PlyCount "83"]
[EventDate "2005.12.19"]
[EventType "k.o."]
[EventRounds "4"]
[EventCountry "MEX"]
[Source "lmi"]
[SourceDate "2005.12.23"]

1. e4 e5 2. Nf3 Nc6 3. Bb5 Nf6 4. Bxc6 dxc6 5. d3 Bd6 6. Bg5 h6 7. Be3 Be6 8.
Nbd2 c5 9. a3 a5 10. O-O Nd7 11. Ne1 Qh4 12. Qe2 O-O 13. g3 Qh3 14. f3 a4 15.
Qg2 Qxg2+ 16. Kxg2 Ra5 17. Nc4 Rb5 18. Rb1 Nb6 19. Nxd6 cxd6 20. c4 Rb3 21. Bd2
Na8 22. Bc3 b5 23. Nc2 bxc4 24. dxc4 Bxc4 25. Rfd1 Nc7 26. Ba5 Nb5 27. Na1 Rd3
28. Rxd3 Bxd3 29. Rd1 Bc4 30. Rc1 Be6 31. Nc2 Ra8 32. Be1 Rb8 33. Kf2 f5 34.
Ba5 Kf7 35. Ne3 fxe4 36. fxe4 Ke7 37. Rc2 Nd4 38. Rd2 Nb3 39. Bc7 Nxd2 40. Bxb8
Nxe4+ 41. Ke2 Nf6 42. Ke1 0-1

[Event "18. Carlos Torre Wimbledon"]
[Site "Merida MEX"]
[Date "2005.12.19"]
[Round "1.2"]
[White "Gonzalez Zamora, Juan Carlos"]
[Black "Hernandez, Holden"]
[Result "1/2-1/2"]
[WhiteElo "2515"]
[BlackElo "2483"]
[PlyCount "90"]
[EventDate "2005.12.19"]
[EventType "k.o."]
[EventRounds "4"]
[EventCountry "MEX"]
[Source "lmi"]
[SourceDate "2005.12.23"]

1. c4 e5 2. Nc3 Nc6 3. g3 d6 4. Bg2 Be6 5. d3 g6 6. b4 Qd7 7. Rb1 Bg7 8. Qa4
Nge7 9. Nd5 O-O 10. e3 f5 11. Ne2 a6 12. O-O Rab8 13. Nec3 e4 14. dxe4 Bxc3 15.
Nxc3 Bxc4 16. Rd1 fxe4 17. Nxe4 d5 18. Qc2 Qf5 19. h3 h5 20. Bb2 b5 21. Qc3 d4
22. Rxd4 Nxd4 23. Qxd4 Kf7 24. Qg7+ Ke8 25. Rd1 Rb6 26. g4 hxg4 27. hxg4 Qf7
28. Qe5 Rc6 29. g5 Qe6 30. Qg7 Qg4 31. Rd4 Qf5 32. Nf6+ Rcxf6 33. gxf6 Rxf6 34.
Rd8+ Kxd8 35. Bxf6 Qe6 36. a3 Qf7 37. Qxf7 Bxf7 38. Bc6 Be8 39. Bb7 Kd7 40. e4
c6 41. Bxa6 Nc8 42. Bxc8+ Kxc8 43. f4 Bf7 44. Kf2 Kd7 45. Ke3 Bb3 1/2-1/2

[Event "18. Carlos Torre Wimbledon"]
[Site "Merida MEX"]
[Date "2005.12.19"]
[Round "1.3"]
[White "Nogueiras, Jesus"]
[Black "Quezada, Yuniesky"]
[Result "1/2-1/2"]
[WhiteElo "2547"]
[BlackElo "2505"]
[PlyCount "66"]
[EventDate "2005.12.19"]
[EventType "k.o."]
[EventRounds "4"]
[EventCountry "MEX"]
[Source "lmi"]
[SourceDate "2005.12.23"]

1. Nf3 Nf6 2. c4 b6 3. g3 Bb7 4. Bg2 e6 5. O-O Be7 6. Nc3 O-O 7. d4 Ne4 8. Qc2
Nxc3 9. Qxc3 f5 10. b3 Bf6 11. Bb2 Be4 12. Ne1 Bxg2 13. Nxg2 Nc6 14. Qd2 Ne7
15. Rad1 Ng6 16. f3 h5 17. e4 h4 18. exf5 exf5 19. f4 Qe8 20. d5 Bxb2 21. Qxb2
h3 22. Ne1 Nh8 23. Nf3 Qh5 24. d6 c6 25. Ne5 Nf7 26. Nxd7 Rfd8 27. Ne5 Rxd6 28.
Nxc6 Re8 29. Ne5 Red8 30. Qc2 Qh6 31. g4 Re8 32. gxf5 Qh7 33. Ng6 Qh6 1/2-1/2

[Event "18. Carlos Torre Wimbledon"]
[Site "Merida MEX"]
[Date "2005.12.19"]
[Round "1.4"]
[White "Quezada, Yuniesky"]
[Black "Nogueiras, Jesus"]
[Result "0-1"]
[WhiteElo "2505"]
[BlackElo "2547"]
[PlyCount "90"]
[EventDate "2005.12.19"]
[EventType "k.o."]
[EventRounds "4"]
[EventCountry "MEX"]
[Source "lmi"]
[SourceDate "2005.12.23"]

1. e4 e6 2. d4 d5 3. Nc3 dxe4 4. Nxe4 Nd7 5. Nf3 Ngf6 6. Bg5 Be7 7. Nxf6+ Nxf6
8. Be2 O-O 9. O-O Nd5 10. Bxe7 Qxe7 11. Qd2 b6 12. Ne5 Bb7 13. Bf3 c5 14. dxc5
bxc5 15. c4 Nf6 16. Bxb7 Qxb7 17. Rad1 Qc7 18. Qe3 Rfd8 19. h3 h6 20. Rd3 Rxd3
21. Nxd3 Rc8 22. Rd1 Rd8 23. b3 a5 24. Nb2 Rxd1+ 25. Nxd1 Nd7 26. Qd2 Kf8 27.
Nc3 Ke7 28. Nb5 Qe5 29. f4 Qe4 30. Kh1 Qb1+ 31. Kh2 Qe4 32. Qd6+ Ke8 33. Qc7
Ke7 34. Na7 g5 35. Nc6+ Kf6 36. fxg5+ hxg5 37. Qxd7 Qf4+ 38. Kg1 Qc1+ 39. Kf2
Qf4+ 40. Ke1 Qe4+ 41. Kd1 Qb1+ 42. Kd2 Qxa2+ 43. Ke3 Qxg2 44. Qe7+ Kg7 45. Qxc5
Qg1+ 0-1